Statistics for Countries Containing F - One Minute Sprint

Click here to take the quiz!

General Stats

  • This quiz has been taken 54 times
  • The average score is 5 of 8

Answer Stats

country% Correct
France
96%
Fiji
91%
Finland
80%
Afghanistan
67%
South Africa
67%
Burkina Faso
57%
Central African
Republic
54%
Faroe Islands
26%

Score Distribution

Percentile by Number Answered

Percent of People with Each Score

Your Score History

You have not taken this quiz